| 000 | 00828nam a22002537a 4500 | ||
|---|---|---|---|
| 003 | OSt | ||
| 005 | 20140310184314.0 | ||
| 008 | 131003t xxu||||| |||| 00| 0 eng d | ||
| 020 | _a9780590451611 | ||
| 050 |
_aPZ 7 _b.M478 1969 |
||
| 100 |
_aMcGovern, Ann _95437 |
||
| 245 |
_aif you sailed on the mayflower in 1620 / _cAnn McGovern. |
||
| 260 |
_aNew York : _bScholastic Inc, _cc1969. |
||
| 300 |
_a80 p. : _bill, ; _c19 cm. |
||
| 520 | _aQuestions and answers describe the voyage of the Mayflower and the Pilgrim's first year in the New World. | ||
| 521 |
_aG4 _bLexile |
||
| 526 | _c600 | ||
| 541 | _j1 | ||
| 541 | _j2 | ||
| 562 | _e2 | ||
| 650 |
_aMayflower (Ship) _xJuvenile literature. _923404 |
||
| 650 |
_aPilgrims (New Plymouth Colony) _xJuvenile literature. _923405 |
||
| 942 |
_2lcc _cBK-SCHOLAS |
||
| 999 |
_c33555 _d33555 |
||